• 首页
  • 本馆介绍
  • 公告通知
  • 最新文献
  • 馆藏检索
  • 电子资源
  • 读者导购
  • 参考咨询
  • 我的图书馆
  • 登录
  • 详细信息显示
  • 放入我的书架
  • 预约/预借图书
  • 作者相关作品
  • 分类相关作品
  • 丛书相关作品
  • 出版社相关作品

书目信息

  • 表格格式
  • 工作单格式
  • 卡片格式
题名:
自学考试外国文学作品选
    
 
作者: 朱雯 主编
分册: 下册  
出版信息: 上海   上海文艺出版社  1985
页数: 516-1025页
开本: 19cm
丛书名:
单 册:
中图分类: I11
科图分类:
主题词: 文学--作品集--世界
电子资源:
ISBN:
000 00798nam0 2200265 45
001 0185004236
005 20040418141554.4
010    @dCNY3.80
091    @a10078.3610
100    @a19901105d1985 em y0chiy0121 ea
101 1  @achi@cmul
102    @aCN@b310000
105    @ay z 000zy
106    @ar
200 10 @a自学考试外国文学作品选@h下册@Azi xue kao shi wai guo wen xue zuo pin xuan@f朱雯主编
210    @a上海@c上海文艺出版社@d1985
215    @a516-1025页@d19cm
300    @a高等教育自学考试用书
304    @祧?911~),现代作家, 文学翻译家
606 0  @a文学@x作品集@x世界
690    @aI11@v3
701  0 @a朱雯@Azhu wen@4主编
801  0 @aCN@b深圳图书馆@c20040418
801  2 @aCN@bNLC@c20040418
905    @dI11@e117:2@f3@b139498-500@b253506-507@f1@b253509@f2@b253512-513@f2
    
    自学考试外国文学作品选.下册/朱雯主编.-上海:上海文艺出版社,1985
    516-1025页;19cm
    高等教育自学考试用书
    
    ISBN :CNY3.80
    
●
相关链接 在E读中查询图书 在五车中查询图书 在当当中查询图书 在豆瓣中查询图书


正题名:自学考试外国文学作品选     索取号:I11/117:2         预约/预借

序号 登录号 条形码 馆藏地/架位号 状态 备注
1 0139498   000088595   第二借阅区/ [索取号:I11/117:2] 在馆    
2 0139499   000088586   第二借阅区/ [索取号:I11/117:2] 在馆    
3 0139500   000088540   第二借阅区/ [索取号:I11/117:2] 在馆    
4 0139502   202439174   第一样本阅览室/ [索取号:I11/117:2] 在馆    
5 0253506   000088461   第二借阅区/ [索取号:I11/117:2] 在馆    
6 0253507   000088452   第二借阅区/ [索取号:I11/117:2] 在馆    
7 0253509   000088513   第二借阅区/ [索取号:I11/117:2] 在馆    
8 0253512   000088568   第二借阅区/ [索取号:I11/117:2] 在馆    
9 0253513   000088559   第二借阅区/ [索取号:I11/117:2] 在馆    
唐山师范学院图书馆 欢迎您!
大连网信软件有限公司© 版权所有